000 01454nam a22002897a 4500
005 20250612155114.0
008 230127b ||||| |||| 00| 0 eng d
020 _a9781538142370
040 _cAL
041 _aEnglish
082 _223
_a175
_bWILM
100 _aLee Wilkins and others
_9214672
245 _aMedia Ethics: Issues and Cases Ed 10
250 _a10
260 _aLanham
_bRowman and Littlefield
_c2022
300 _a386p.
_bPB
_c23x15 cm
365 _aVBI-1673
_b₹5451.00
_c$85.00
_d₹7267.50
_e25%
_f19-12-2022
520 _aThe tenth edition of this authoritative book focuses on the most pressing media ethics issues, including coverage of the 2020 pandemic and election. Enabling students to make ethical decisions in an increasingly complex environment, the book focuses on practical ethical theory for use across the media curriculum. Lee Wilkins is Distinguished Curator’s Teaching Professor and professor emeritus in the School of Journalism at the University of Missouri. Chad Painter is assistant professor of communication at the University of Dayton. Philip Patterson is distinguished professor of mass communication at Oklahoma Christian University
650 _aEthics
_969989
650 _aprivacy
_969990
650 _aMass Media
_969991
650 _aMedia economics
_969992
700 _aWILKINS (Lee)
_969993
700 _aPAINTER (Chad)
_969994
700 _aPATTERSON (Philip)
_969995
942 _2ddc
_cBK
999 _c226454
_d226454